Os desafios da integraȯ̂ na Seguranȧ Pb︢lica no Estado do Rio de Janeiro

Detalles Bibliográficos
Autor principal: Bottino, Thiago
Otros Autores: Vargas, Daniel, Prates, Fernanda, Khattar, Semirames, Cidade, Andreia
Formato: eBook
Lenguaje:portugués
Publicado: Rio de Janeiro: FGV - Direito Rio, 2020
Materias:
Acceso en línea:Acceso restringido

MARC

LEADER 00000nam a22000007a 4500
005 2021041407387.0
007 cr|||| ||||
008 210414s2020 br |||||s|||| 00||0 por d
020 |a 978-65-86060-10-2 
035 |a 32807 
040 |a vLex 
090 |c 11459  |d 11459 
100 1 |a Bottino, Thiago 
245 1 2 |a Os desafios da integraȯ̂ na Seguranȧ Pb︢lica no Estado do Rio de Janeiro  |h [Recurso electrn̤ico] /  |c Thiago Bottino, Daniel Vargas, Fernanda Prates, Semirames Khattar, Andreia Cidade 
256 |a Servicio en ln̕ea 
260 |a Rio de Janeiro:  |b FGV - Direito Rio,  |c 2020 
300 |a 1 recurso electrn̤ico 
506 1 |a Disponible solo en los productos indicados  |d vLex Global  |d vLex Global (Academic Edition, excluding Law Schools)  |d vLex Global (U.S. Academic Edition, Law Schools)  |d vLex Global (U.S. Academic Edition, excluding Law Schools)  |d vLex Global (Academic Edition, Law Schools) 
650 0 4 |a Derecho Pb︢lico y Administrativo  |z Brasil 
700 1 |a Vargas, Daniel 
700 1 |a Prates, Fernanda 
700 1 |a Khattar, Semirames 
700 1 |a Cidade, Andreia 
740 0 |a vLex Libros (Servicio en ln̕ea) 
856 4 0 |u https://vlex.com/source/desafios-integra-o-seguran-a-publica-estado-rio-janeiro-32807  |z Acceso restringido 
942 |c BOOK 
999 0 |a Public and Administrative Law